00964nam a22002537a 45000010005000000030006000050050017000110080041000280200018000690400029000870500013001160820016001291000016001452450112001612500044002732600039003173000050003565050008004065200182004145210021005965210020006176500034006377000039006714928FISKH20241025111047.0241025b cb ||||| |||| 00| 0 eng d a9780590436618 aFISKHbengcFISKHdFISKH aE185.H32 a323.1196073 aHaskin, Jim aThe Day Martin Luther King Jr. Was Shot : bA photo History of the Civil Rights Movement /cby Jim Haskins  aFirst Scholastic printing, January 1992 aNew York : bScholastic ;c1992 .  a96 pages : billustrations : maps ;c26 cm .  aZ  aPresents the history of the civil rights movement through pictures, newspaper clippings, and text, from colonial times to 1991, framed within the life of Martin Luther King, Jr.8 a1140 bLexile 8 aZ bRaz-Plus  aAfrican Americanvnon-fiction aMorrissey, Georgia eBook disigner